Piłkarz według podpowiedzi #4 - Legendy - Statystyki

Ogólne statystyki
  • Ten quiz został rozwiązany 261 razy
  • Średni wynik to 17 z 40
Statystyki odpowiedzi
Hint Odpowiedź % Poprawnych
Legenda brazylijskiej piłki, nigdy nie grał w klubie z Europy. Pele
96%
Kojarzony z tzw. "ręką Boga". Kochany m.in. w klubie Napoli. Maradona
80%
Francuz z symboliczną "łysiną" na głowie, były zawodnik m.in. Juventusu i Realu Madryt. Zidane
78%
Brazylijski, niski obrońca, słynący z potężnego uderzenia z lewej nogi. Roberto Carlos
73%
Do niedawna występujący na pozycji bramkarza w reprezentacji Hiszpanii i w FC Porto. Musiał zakończyć karierę ze względu na problemy zdrowotne. Casillas
71%
Portugalczyk. Bohater słynnego transferu z FC Barcelony do Realu Madryt. Figo
71%
Legendarny włoski obrońca, który całą karierę spędził w klubie AC Milan. Teraz gra tam jego syn. Maldini
71%
Polski, były piłkarz, grający w lidze polskiej jak i włoskiej. Boniek
70%
Piłkarski magik. Słynął głównie ze swojego warsztatu technicznego i piłkarskich sztuczek wykonywanych w praktycznie każdym meczu. Ronaldinho
70%
Napastnik, grający głównie dla Arsenalu, a potem dla FC Barcelony. Mistrz Europy z 2000 roku. Henry
66%
Były reprezentant Anglii. Karierę kończył w PSG, jednak najbardziej kojarzony jest z Manchesterem United i Realem Madryt. Beckham
60%
Holender z charakterystyczną fryzurą. Pomocnik. Gullit
57%
Duński bramkarz. Jego syn poszedł w ślady ojca. Schmeichel
57%
Mistrz Świata z 2002 roku. Zdobył obie bramki w finale. Ronaldo
52%
Włoski napastnik, który większość swojej kariery spędził w klubie z Turynu. Del Piero
46%
Mimo wielu ofert zawsze wierny jednemu klubowi ze stolicy Włoch. Totti
44%
Zdecydowanie najlepszy piłkarz w historii rumuńskiej piłki. Hagi
42%
Ukraiński zdobywca Złotej Piłki w 2004 roku. Szewczenko
42%
Piłkarz grający w charakterystycznych okularach. Davids
41%
Jego nazwiskiem sygnowana jest nagroda przyznawana dla zdobywcy najpiękniejszej bramki. Puskas
39%
Zaliczył ponad 300 występów w Manchesterze United. Legenda reprezentacji Irlandii. Keane
38%
Duńscy bracia Brian i Michael. Laudrup
38%
Japoński pomocnik. Grał m.in. dla Parmy i AS Romy. Nakata
37%
Laureat złotej piłki w 2003 roku. Kojarzony głównie z Juventusem. Nedved
36%
Bułgar grający m.in. dla FC Barcelony. Król strzelców Mundialu w 1994 roku. Stoiczkow
36%
Posługiwał się przydomkiem, podobnym do jednego z greckich filozofów. Socrates
31%
Były gwiazdor Manchesteru United. Porywczy. Na jednym z meczów celowo kopnął kibica. Cantona
28%
Były hiszpański napastnik. Po zdobytej bramce całował pierścień na prawej dłoni. Raul
27%
Argentyński zawodnik. Miał przydomek "Batigol". Batistuta
26%
Ricardo Izecson dos Santos Leite (przydomek). Kaka
26%
Angielska legenda. Oprócz wielu osiągnięć piłkarskich, dorobił się także tytułu "Sir" przed swoim imieniem i nazwiskiem. Charlton
24%
Francuski piłkarz, grający m.in. w Juventusie. Po zakończeniu kariery jako trener zdobył ze swoją reprezentacją Mistrzostwo Świata. Deschamps
24%
Największa gwiazda w historii Newcastle United. Zdobył 260 goli w Premier League. Shearer
24%
Napastnik. Legenda takich klubów jak Ajax czy AC Milan. 3-krotnie zdobywał Złotą Piłkę. van Basten
22%
Zdobył zwycięskiego gola w dogrywce finału EURO 2000. Trezeguet
21%
Jedna z pierwszych gwiazd piłki afrykańskiej. Kameruńczyk. Milla
14%
Piłkarz, który seniorską karierę spędził tylko w dwóch klubach (Celtic i Liverpool). W Liverpoolu przez jakiś czas pełnił nawet funkcję grającego trenera. Dalglish
13%
Legenda Ajaxu Amsterdam i reprezentacji Holandii. Później trener między innymi FC Barcelony. Rijkaard
9%
Całą seniorską karierę spędził w AC Milan. Jego brat grał dla lokalnego rywala. Baresi
8%
Zdobywca Złotej Piłki i Mistrz Świata z 1990 roku. Matthäus
8%
Nie znaleziono quizów pasujących do podanych kryteriów
Rozkład punktacji
Procent ludzi z każdym wynikiem
Percentyl według liczby udzielonych odpowiedzi
Twoja historia wyników
Nie rozwiązałeś tego quizu